| 000 | 00471nam a2200193Ia 4500 | ||
|---|---|---|---|
| 008 | 170918s9999 xx 000 0 und d | ||
| 020 | _a9780440410294 | ||
| 050 | _bS229 1990 | ||
| 100 | _aSan Souci, Daniel | ||
| 245 | _aNorth country night / | ||
| 245 | _cby Daniel San Souci. | ||
| 260 | _aNew York : | ||
| 260 | _bA Picture Yearling Book, | ||
| 260 | _c1990 | ||
| 300 | _aunpaged : | ||
| 300 | _bcolored illustration ; | ||
| 300 | _c27cm. | ||
| 500 | _a970 | ||
| 999 |
_c343026 _d343026 |
||